00245nam a22000977a 4500008004100000082001100041100002500052245003000077260003100107300000900138260430b |||||||| |||| 00| 0 eng d a001373 aIyenger, Prashanth S aAstanga Yoga of Patanjali aDelhibNew Age Booksd2016 a888p